বঙ্গবন্ধু ও চা-শিল্প / (Record no. 81080)
[ view plain ]
| 000 -LEADER | |
|---|---|
| fixed length control field | 00838nam a2200229 a 4500 |
| 001 - CONTROL NUMBER | |
| control field | 81080 |
| 003 - CONTROL NUMBER IDENTIFIER | |
| rucl marc code | BD-RjUL |
| 005 - DATE AND TIME OF LATEST TRANSACTION | |
| control field | 20230115120258.0 |
| 008 - FIXED-LENGTH DATA ELEMENTS--GENERAL INFORMATION | |
| fixed length control field | 230115s2020 bg ||||| |||| 00| 0 ben d |
| 020 ## - INTERNATIONAL STANDARD BOOK NUMBER | |
| International Standard Book Number | 9789840760060 |
| 035 ## - SYSTEM CONTROL NUMBER | |
| System control number | (BD-RjUL)81080 |
| 040 ## - CATALOGING SOURCE | |
| Original cataloging agency | BD-RjUL |
| Language of cataloging | eng |
| Transcribing agency | BD-RjUL |
| 041 ## - LANGUAGE CODE | |
| Language code of text/sound track or separate title | ben |
| 082 ## - DEWEY DECIMAL CLASSIFICATION NUMBER | |
| Edition number | 23 |
| Classification number | 954.9205092 |
| Author mark and year | KAB 2020 |
| 100 ## - MAIN ENTRY--PERSONAL NAME | |
| Personal name | কাসেম, আবুল |
| 9 (RLIN) | 6212 |
| 245 ## - TITLE STATEMENT | |
| Title | বঙ্গবন্ধু ও চা-শিল্প / |
| Statement of responsibility, etc. | আবুল কাসেম |
| 260 ## - PUBLICATION, DISTRIBUTION, ETC. (IMPRINT) | |
| Place of publication, distribution, etc. | ঢাকা : |
| Name of publisher, distributor, etc. | বাংলা একাডেমি, |
| Date of publication, distribution, etc. | ২০২০ |
| 300 ## - PHYSICAL DESCRIPTION | |
| Pagination | ১২৬ পৃ.: |
| Illustrations | চিত্রসমূহ; |
| Size | ২৩ সেমি. |
| 600 ## - SUBJECT ADDED ENTRY--PERSONAL NAME | |
| Personal name | মুজিবুর রহমান , শেখ, |
| Dates associated with a name | ১৯২০-১৯৭৫ |
| Personal name | Mujibur Rahman, Sheikh, |
| Dates associated with a name | 1920-1975 |
| 942 ## - ADDED ENTRY ELEMENTS (KOHA) | |
| Source of classification or shelving scheme | Dewey Decimal Classification |
| Koha item type | Books |
| Lost status | Source of classification or shelving scheme | Damaged status | Not for loan | Collection code | Permanent Location | Current Location | Shelving location | Date acquired | Source of acquisition | Cost, normal purchase price | Total Checkouts | Full call number | Date last seen | Copy number | Koha item type |
|---|---|---|---|---|---|---|---|---|---|---|---|---|---|---|---|
| Dewey Decimal Classification | Not For Loan | Non-fiction | Central Library, University of Rajshahi | Central Library, University of Rajshahi | Bangabandhu Corner Section | 15/11/2022 | Rajshahi : Biddasagar | 170.00 | B 954.9205092 KAB 2020 | 15/01/2023 | C-1 | Books | |||
| Dewey Decimal Classification | Non-fiction | Central Library, University of Rajshahi | Central Library, University of Rajshahi | General Stacks | 15/11/2022 | Rajshahi : Biddasagar | 170.00 | B 954.9205092 KAB 2020 | 15/01/2023 | C-2 | Books |